000
00301nam a2200121Ia 4500
008
190216s9999||||xx |||||||||||||| ||und||
100
_a
Anand J & Sarna D
245
0
_a
Objective Elementary Mathematics
260
_b
Bright Careers
_c
1968
300
_a
112p
650
_a
Mathematics
942
_c
REF
999
_c
35697
_d
35697